Normal view
MARC view
- Perez, Stephen J
Entry Personal Name
001 - CONTROL NUMBER
- control field: 35709
003 - CONTROL NUMBER IDENTIFIER
- control field: NUST
005 - DATE AND TIME OF LATEST TRANSACTION
- control field: 20210218095658.0
008 - FIXED-LENGTH DATA ELEMENTS
- fixed length control field: 210218|| aca||aabn | a|a d
040 ## - CATALOGING SOURCE
- Original cataloging agency: NUST
- Transcribing agency: NUST
100 ## - HEADING--PERSONAL NAME
- Personal name: Perez, Stephen J
670 ## - SOURCE DATA FOUND
- Source citation: Work cat.: (NUST)2420: O'Sullivan, Arthur. 35707, Macroeconomics :, c2012.
